[Event "34th Leon Blitz Open 2021"]
[Site "chess.com INT"]
[Date "2021.07.07"]
[Round "5"]
[White "Maly, Alexey"]
[Black "Sarkar, Justin"]
[Result "1-0"]
[WhiteTitle "IM"]
[BlackTitle "IM"]
[WhiteElo "2370"]
[BlackElo "2338"]
[WhiteFideId "14103184"]
[BlackFideId "2010011"]
[EventDate "2021.07.07"]

1. e4 g6 2. d4 Nf6 3. Nc3 d5 4. exd5 Nxd5 5. Nxd5 Qxd5 6. c4 Qd6 7. Be3 Bg7 8.
Nf3 O-O 9. Be2 Qb4+ 10. Qd2 Qxd2+ 11. Bxd2 c5 12. Bc3 Bg4 13. O-O-O Nc6 14. d5
Bxc3 15. dxc6 Bf6 16. cxb7 Rab8 17. h3 Bf5 18. Bd3 Rxb7 19. b3 Bd7 20. Be4 Rc7
21. Kc2 a5 22. a4 Rb8 23. Nd2 Bd4 24. Rhf1 f5 25. Bf3 Kg7 26. Nb1 e5 27. Bd5 e4
28. Na3 Ra7 29. Rde1 Rb4 30. Nb5 Bxb5 31. cxb5 Re7 32. Bc4 f4 33. Re2 e3 34.
fxe3 fxe3 35. Kd3 h5 36. Rf4 Rd7 37. Ke4 Re7+ 38. Kf3 Rd7 39. h4 Re7 40. g4 1-0

[Event "34th Leon Blitz Open 2021"]
[Site "chess.com INT"]
[Date "2021.07.07"]
[Round "5"]
[White "Martinez Alcantara, Jose Eduardo"]
[Black "Maltsevskaya, Aleksandra"]
[Result "1-0"]
[WhiteTitle "GM"]
[BlackTitle "WGM"]
[WhiteElo "2620"]
[BlackElo "2382"]
[WhiteFideId "3805662"]
[BlackFideId "24174041"]
[EventDate "2021.07.07"]

1. e4 c6 2. Nf3 d5 3. d3 dxe4 4. dxe4 Qxd1+ 5. Kxd1 Nd7 6. Nbd2 g6 7. c3 Bg7 8.
Kc2 Nh6 9. h3 f5 10. exf5 gxf5 11. Nc4 O-O 12. Bg5 Nf6 13. Re1 Nf7 14. Rxe7 Ne4
15. Bh4 Nh8 16. Nce5 b5 17. Bd3 Nc5 18. Re1 Be6 19. Rxe6 Nxe6 20. Nxc6 Rfe8 21.
Bxb5 Ng6 22. Bc4 Nxh4 23. Rxe6 Kf8 24. Nxh4 Rxe6 25. Bxe6 Re8 26. Bd5 Re2+ 27.
Kb3 Rxf2 28. Bf3 f4 29. Nf5 Bf6 30. Nb4 a5 31. Nd3 Rd2 32. Nxf4 a4+ 33. Ka3 Kf7
34. Nd5 Be5 35. Nde3 Bf6 36. Nc4 Rd8 37. Kxa4 Kg6 38. Nfd6 Rb8 39. Be4+ Kg5 40.
Bb7 Be5 41. Kb5 Bg3 42. a4 Kh4 43. a5 Bf2 44. a6 Ba7 45. b3 h6 46. Ne5 Kg5 47.
Nc6 1-0

[Event "34th Leon Blitz Open 2021"]
[Site "chess.com INT"]
[Date "2021.07.07"]
[Round "5"]
[White "Iskusnyh, Sergei"]
[Black "Senlle Caride, Miguel"]
[Result "1-0"]
[WhiteTitle "GM"]
[BlackTitle "FM"]
[WhiteElo "2473"]
[BlackElo "2354"]
[WhiteFideId "4120027"]
[BlackFideId "2282500"]
[EventDate "2021.07.07"]

1. d4 Nf6 2. c4 e6 3. g3 d5 4. Bg2 Be7 5. Nf3 O-O 6. O-O dxc4 7. Qa4 a6 8. Qxc4
b5 9. Qc2 Bb7 10. Bd2 Be4 11. Qc1 Nc6 12. Be3 b4 13. Nbd2 Bd5 14. Nb3 Qb8 15.
Bg5 h6 16. Bxf6 Bxf6 17. Rd1 a5 18. e3 Be7 19. Nc5 Bxc5 20. Qxc5 Nd8 21. Ne5
Bxg2 22. Kxg2 Qb7+ 23. Kg1 c6 24. Rac1 Ra6 25. Rc2 f6 26. Ng6 Rf7 27. Rdc1 Kh7
28. Nf4 Qd7 29. Qh5 Ra8 30. Qg6+ Kg8 31. Nd3 Rf8 32. Nc5 Qd5 33. Nd3 Qxa2 34.
Nf4 e5 35. dxe5 fxe5 36. Nd3 Qd5 37. Rc5 Qf7 38. Qxf7+ Nxf7 39. Rxc6 Rad8 40.
Nc5 Rd2 41. Ne6 Re8 42. b3 e4 43. Rc8 Red8 44. Nxd8 Ne5 45. Nc6+ 1-0

[Event "34th Leon Blitz Open 2021"]
[Site "chess.com INT"]
[Date "2021.07.07"]
[Round "5"]
[White "Bures, Vit"]
[Black "Matinian, Nikita"]
[Result "0-1"]
[WhiteTitle "CM"]
[BlackTitle "GM"]
[WhiteElo "2144"]
[BlackElo "2436"]
[WhiteFideId "309052"]
[BlackFideId "24129100"]
[EventDate "2021.07.07"]

1. d4 Nf6 2. c4 c5 3. d5 e6 4. Nc3 exd5 5. cxd5 d6 6. e4 g6 7. f4 Bg7 8. Bb5+
Nfd7 9. Nf3 O-O 10. O-O a6 11. Bd3 b5 12. Kh1 b4 13. Na4 Re8 14. Be3 c4 15. Bc2
Nf6 16. Nb6 Bb7 17. Nxa8 Bxa8 18. Bd4 Nbd7 19. Re1 Qc8 20. Qd2 a5 21. Rac1 Nc5
22. Bb1 Nfxe4 23. Bxe4 Nxe4 24. Qd1 Bxd5 25. Rc2 Qf5 26. Rce2 Bh6 27. Be3 Ba8
28. Qd4 Bg7 29. Qa7 c3 30. Nd4 Qd5 31. bxc3 Nxc3 32. Rd2 h5 33. Nf3 Qf5 34. Nd4
Bxd4 35. Qxd4 Nd5 36. Bf2 Rxe1+ 37. Bxe1 Nxf4 38. Rf2 Qe6 39. Bd2 Nh3 40. Rf1
Qe2 0-1

[Event "34th Leon Blitz Open 2021"]
[Site "chess.com INT"]
[Date "2021.07.07"]
[Round "5"]
[White "Svane, Rasmus"]
[Black "Ibarra Jerez, Jose Carlos"]
[Result "0-1"]
[WhiteTitle "GM"]
[BlackTitle "GM"]
[WhiteElo "2615"]
[BlackElo "2558"]
[WhiteFideId "4657101"]
[BlackFideId "2226332"]
[EventDate "2021.07.07"]

1. Nf3 Nf6 2. g3 g6 3. Bg2 Bg7 4. O-O O-O 5. d4 d6 6. Re1 Nbd7 7. e4 e5 8. Nc3
b6 9. a4 a5 10. b3 Re8 11. h3 Bb7 12. dxe5 dxe5 13. Ba3 Bf8 14. Bxf8 Kxf8 15.
Qe2 Nc5 16. Rad1 Qc8 17. Qc4 Ba6 18. Nb5 c6 19. Nxe5 Rxe5 20. Qd4 Re6 21. e5 Ne8
22. Nd6 Qd7 23. Qf4 Nxd6 24. Rxd6 Rxd6 25. exd6 Re8 26. Rxe8+ Qxe8 27. Qf6 Kg8
28. Qe7 Qd7 29. c3 Bc8 30. b4 axb4 31. cxb4 Nxa4 32. b5 cxb5 33. Qf6 Nc5 34. Bd5
Ne6 35. Qe5 Bb7 36. Bb3 Qc6 37. Kf1 Qc1+ 38. Ke2 Qc8 39. h4 Qd7 40. h5 gxh5 41.
Kf1 Bc6 42. Bc2 Ng7 43. Qf6 Qh3+ 44. Ke1 Qe6+ 45. Qxe6 Nxe6 46. Kd2 Nc5 47. Ke3
Nb7 48. Be4 Bxe4 49. d7 Bc6 0-1

[Event "34th Leon Blitz Open 2021"]
[Site "chess.com INT"]
[Date "2021.07.07"]
[Round "5"]
[White "Gallegos Diaz, Carlos Alberto"]
[Black "Chitlange, Sakshi"]
[Result "1-0"]
[WhiteTitle "IM"]
[BlackTitle "WIM"]
[WhiteElo "2374"]
[BlackElo "2167"]
[WhiteFideId "3900886"]
[BlackFideId "35002899"]
[EventDate "2021.07.07"]

1. e4 c6 2. d3 d5 3. Nf3 dxe4 4. dxe4 Qxd1+ 5. Kxd1 Bg4 6. Be3 Nd7 7. Nd2 e5 8.
Bd3 Bc5 9. Ke2 f6 10. h3 Be6 11. Bc4 Kf7 12. Rhd1 Bxe3 13. Kxe3 Nb6 14. Bxe6+
Kxe6 15. a4 a5 16. Nb3 Nc4+ 17. Ke2 b6 18. Nbd2 Nd6 19. Ne1 Ne7 20. Nd3 c5 21.
b3 Nc6 22. c3 h5 23. Nb2 Rad8 24. Nbc4 Nc8 25. Ne3 N6e7 26. Ndc4 Ng6 27. g3 h4
28. Nf5 hxg3 29. fxg3 Rxd1 30. Rxd1 Nge7 31. Nxe7 Kxe7 32. h4 Rh6 33. Kf3 Rg6
34. g4 Rh6 35. Kg3 Rh8 36. g5 Ke6 37. Kg4 Rf8 38. g6 Rh8 39. h5 Rf8 40. Ne3 Nd6
41. Nf5 Nxe4 42. Nxg7+ Ke7 43. Nf5+ Ke8 44. g7 Nf2+ 45. Kf3 Nxd1 46. h6 Kf7 47.
h7 Rg8 48. h8=Q 1-0

[Event "34th Leon Blitz Open 2021"]
[Site "chess.com INT"]
[Date "2021.07.07"]
[Round "5"]
[White "Krishnakumar, Sriram"]
[Black "Pacheco Lugo, Alejandro Jose"]
[Result "0-1"]
[WhiteTitle "CM"]
[BlackTitle "CM"]
[WhiteElo "2035"]
[BlackElo "2127"]
[WhiteFideId "30915856"]
[BlackFideId "3903745"]
[EventDate "2021.07.07"]

1. e4 c5 2. Nf3 d6 3. d4 cxd4 4. Qxd4 Nc6 5. Bb5 a6 6. Bxc6+ bxc6 7. c4 e5 8.
Qd3 Ne7 9. c5 Qa5+ 10. Qc3 Qxc3+ 11. Nxc3 Ng6 12. cxd6 Bxd6 13. O-O O-O 14. Be3
f6 15. b3 Be6 16. Na4 Ba3 17. Bc5 Bxc5 18. Nxc5 Bg4 19. Nd2 Nf4 20. f3 Rfd8 21.
Nc4 Bh5 22. Kf2 Bf7 23. Rfd1 h5 24. Nd6 Ne6 25. Rac1 Nd4 26. Ndb7 Rdb8 27. Ke3
a5 28. Nd6 Bg6 29. g4 hxg4 30. fxg4 Rd8 31. Nc4 Bf7 32. Nb6 Rab8 33. Nbd7 Ra8
34. Nb6 Ra7 35. h4 Rb8 36. Nba4 Rb4 37. Nd3 Rb8 38. Ne1 Be6 39. g5 Bg4 40. Rd2
Kf7 41. Nc2 Ne6 42. Rd6 Rc7 43. Na3 c5 44. gxf6 gxf6 45. Rf1 Rh8 46. Nc4 Rxh4
47. Nxe5+ Ke7 48. Nc4 Rh3+ 49. Kd2 Rh2+ 50. Kc3 Be2 51. Rxe6+ Kxe6 52. Re1 Bxc4
53. Kxc4 Rxa2 54. Nc3 Rc2 55. Kd3 Rb2 56. Kc4 Rb7 57. Na4 Rb4+ 58. Kxc5 Rc2+ 59.
Nc3 Rxc3# 0-1

[Event "34th Leon Blitz Open 2021"]
[Site "chess.com INT"]
[Date "2021.07.07"]
[Round "5"]
[White "Lobanov, Sergei"]
[Black "Glek, Igor"]
[Result "1-0"]
[WhiteTitle "IM"]
[BlackTitle "GM"]
[WhiteElo "2514"]
[BlackElo "2476"]
[WhiteFideId "24183750"]
[BlackFideId "4100484"]
[EventDate "2021.07.07"]

1. e4 e6 2. d4 d5 3. Nc3 Nf6 4. Bg5 dxe4 5. Nxe4 Be7 6. Bxf6 gxf6 7. Nc3 c6 8.
Qd2 Nd7 9. O-O-O b6 10. f4 f5 11. Nf3 Bb7 12. g3 Qc7 13. Bg2 O-O-O 14. Rhe1 Bd6
15. Qe2 Kb8 16. Kb1 a6 17. a3 b5 18. Rd2 Nb6 19. Red1 a5 20. Ne5 f6 21. Nf3 Rhe8
22. Na2 b4 23. axb4 axb4 24. Nc1 Ka7 25. Bf1 Nd5 26. Nb3 Qb6 27. Ne1 Ra8 28. Qf2
Kb8 29. Rd3 Qa7 30. Kc1 e5 31. fxe5 fxe5 32. Rf3 e4 33. Qe2 e3 34. c4 bxc3 35.
Nd3 Qa2 36. Qc2 cxb2+ 37. Nxb2 Ba3 38. Bc4 Nb4 39. Qb1 Bxb2+ 40. Qxb2 Qxb2+ 41.
Kxb2 Ra2+ 42. Kb1 e2 43. Re1 Nc2 44. Rxe2 Rxe2 45. Bxe2 Nb4 46. Bc4 Rxh2 47.
Rxf5 Bc8 48. Rf8 Kc7 49. Nc5 Bg4 50. Rf4 h5 51. Rf7+ Kd6 52. Ne4# 1-0

[Event "34th Leon Blitz Open 2021"]
[Site "chess.com INT"]
[Date "2021.07.07"]
[Round "5"]
[White "Vallejo Diaz, Javier"]
[Black "Sviridova, Vlada"]
[Result "1-0"]
[WhiteTitle "FM"]
[BlackTitle "WFM"]
[WhiteElo "2365"]
[BlackElo "2144"]
[WhiteFideId "2256398"]
[BlackFideId "24109606"]
[EventDate "2021.07.07"]

1. d4 d5 2. Nf3 Nf6 3. Bf4 c5 4. e3 Nc6 5. c3 e6 6. h3 Bd6 7. Bxd6 Qxd6 8. Nbd2
O-O 9. Bd3 Rd8 10. O-O b6 11. Qe2 Bb7 12. Rad1 Ne7 13. Ne5 Ne4 14. Qh5 g6 15.
Qf3 f5 16. Bxe4 dxe4 17. Qg3 Kg7 18. Ndc4 Qc7 19. h4 b5 20. Nd2 Nc6 21. f4 Nxe5
22. fxe5 Qe7 23. dxc5 Qxc5 24. Nb3 Qb6 25. Nd4 Rf8 26. h5 Rf7 27. Rd2 a5 28.
Rfd1 Bd5 29. Ne2 Rc8 30. Nf4 Kg8 31. hxg6 hxg6 32. Rd4 Rg7 33. Qg5 Rf8 34. Nxd5
exd5 35. Rxd5 b4 36. Rd6 Qa7 37. Rxg6 Rxg6 38. Qxg6+ Qg7 39. Qxg7+ Kxg7 40. cxb4
axb4 41. Rd7+ Kg6 42. Rb7 Ra8 43. Rxb4 Rxa2 44. Kf2 Ra1 45. Kg3 Re1 46. Rb6+ Kg5
47. Kf2 Rc1 48. Rb8 Rc2+ 49. Kg3 Re2 50. Rg8+ Kh6 51. e6 Kh7 52. e7 Kxg8 53.
e8=Q+ Kg7 54. Qe7+ Kg6 55. Kf4 Rf2+ 56. Ke5 Rxb2 57. Qf6+ Kh7 58. Qxf5+ Kg8 59.
Qxe4 Rb5+ 60. Kf4 1-0

[Event "34th Leon Blitz Open 2021"]
[Site "chess.com INT"]
[Date "2021.07.07"]
[Round "5"]
[White "Girya, Olga"]
[Black "Matveev, Vladimir3"]
[Result "0-1"]
[WhiteTitle "WGM"]
[BlackTitle "FM"]
[WhiteElo "2448"]
[BlackElo "2344"]
[WhiteFideId "4195752"]
[BlackFideId "24130753"]
[EventDate "2021.07.07"]

1. d4 Nf6 2. Nf3 g6 3. c4 Bg7 4. Nc3 O-O 5. e4 d6 6. Be2 e5 7. Be3 exd4 8. Nxd4
Re8 9. f3 c6 10. Qd2 d5 11. exd5 cxd5 12. c5 Nc6 13. Nxc6 bxc6 14. Bd4 Rb8 15.
O-O Nd7 16. Rab1 Qh4 17. Bf2 Qb4 18. Rfe1 Bxc3 19. bxc3 Qxb1 20. Rxb1 Rxb1+ 21.
Bd1 Ne5 22. Bd4 Nc4 23. Qh6 Rxd1+ 24. Kf2 Ne5 25. Qg5 Nd7 26. h4 f6 27. Qh6 Re6
28. Qf4 Ne5 29. Kg3 Kg7 30. h5 g5 31. Qf5 Re1 32. Qc2 Re7 33. Qa4 Re2 34. Qa5
Nf7 35. Qa4 Bd7 36. Qa5 Nh6 37. Qxa7 Nf5+ 38. Kh2 Nxd4 39. cxd4 h6 40. Qb8 Rxa2
41. Qd8 Rae2 42. Qb8 Be8 43. Qd6 R2e6 44. Qd8 Bxh5 45. g4 Bf7 46. Kg3 Re1 47.
Qb6 Be8 48. Qd8 R7e6 49. Qc7+ Bf7 50. Qc8 Rd1 51. f4 gxf4+ 52. Kxf4 Rxd4+ 53.
Kg3 Rc4 54. Qd8 Rxc5 0-1

[Event "34th Leon Blitz Open 2021"]
[Site "chess.com INT"]
[Date "2021.07.07"]
[Round "5"]
[White "Rosenberg, Evan S"]
[Black "Araujo Sanchez, Josue"]
[Result "1-0"]
[BlackTitle "IM"]
[WhiteElo "2125"]
[BlackElo "2310"]
[WhiteFideId "2019299"]
[BlackFideId "6416896"]
[EventDate "2021.07.07"]

1. Nf3 g6 2. e4 Bg7 3. d4 c6 4. c4 d5 5. Nc3 dxe4 6. Nxe4 Bg4 7. Be3 Nd7 8. h3
Bxf3 9. Qxf3 Ngf6 10. a3 O-O 11. Be2 b5 12. O-O bxc4 13. Bxc4 Nd5 14. Rad1 a5
15. Bc1 e6 16. Rfe1 a4 17. Re2 h6 18. Qg3 Qb8 19. Qh4 g5 20. Qh5 N7f6 21. Nxf6+
Nxf6 22. Qf3 Nd5 23. g3 Rd8 24. h4 gxh4 25. Qg4 Kh7 26. Qxh4 Qd6 27. Bd3+ Kg8
28. Bxh6 Bf6 29. Qg4+ Kh8 30. Qh5 Kg8 31. Kg2 Bg7 32. Bxg7 Kxg7 33. Qh7+ Kf8 34.
Rh1 Nf6 35. Qh6+ Ke7 36. Qg5 Qxd4 37. Be4 Rg8 38. Qf4 Rad8 39. Qc7+ Rd7 40. Qxc6
Rg5 41. Bf3 Rc5 42. Qa8 Rf5 43. Rh8 e5 44. Qf8+ Ke6 45. Rh6 Rxf3 46. Kxf3 Qg4+
47. Kg2 Qxe2 48. Qe8+ Re7 49. Qc6+ 1-0

[Event "34th Leon Blitz Open 2021"]
[Site "chess.com INT"]
[Date "2021.07.07"]
[Round "5"]
[White "Henderson de La Fuente, Lance"]
[Black "Gabrielian, Artur"]
[Result "1-0"]
[WhiteTitle "GM"]
[BlackTitle "GM"]
[WhiteElo "2491"]
[BlackElo "2460"]
[WhiteFideId "32096585"]
[BlackFideId "4131002"]
[EventDate "2021.07.07"]

1. e4 c5 2. Nf3 Nc6 3. d4 cxd4 4. Nxd4 Nf6 5. Nc3 d6 6. h3 e6 7. g4 Be7 8. Bg2
O-O 9. O-O a6 10. a4 Qc7 11. Nb3 b6 12. g5 Nd7 13. f4 Rb8 14. f5 b5 15. axb5
axb5 16. Ne2 Re8 17. Nf4 Bxg5 18. fxe6 fxe6 19. Qh5 Qd8 20. Nxe6 Rxe6 21. Qf7+
Kh8 22. Bxg5 Qe8 23. Rad1 h6 24. Qxe8+ Rxe8 25. Rxd6 hxg5 26. Rxc6 Ne5 27. Rc7
Rb7 28. Rc5 b4 29. Nd4 Rd7 30. Nb3 Rde7 31. Ra1 g4 32. hxg4 Bxg4 33. Nd4 Rd7 34.
Rd5 Rc7 35. Kf2 Bd7 36. Kg3 g6 37. Ra6 Kg7 38. Rb6 Nc4 39. Rxb4 Ne3 40. Rd6 Re7
41. Rbb6 Be8 42. Ne6+ Rxe6 43. Rxe6 Bf7 44. Rec6 Rd7 45. Bf3 Rd2 46. c3 g5 47.
Rc7 Nf1+ 48. Kh3 Rf2 49. Bg2 g4+ 50. Kxg4 Rxg2+ 51. Kf3 Rg6 52. Rxg6+ Kxg6 53.
Rd7 Kf6 54. Kf4 Bc4 55. Rd4 Be2 56. b4 Ke6 57. c4 Ke7 58. b5 Nh2 59. Rd2 Bxc4
60. Rxh2 Bxb5 61. Ke5 Kf7 62. Rh7+ Kg6 63. Rc7 Bd3 64. Kd5 Bf1 65. e5 Bh3 66.
Kd6 1-0

[Event "34th Leon Blitz Open 2021"]
[Site "chess.com INT"]
[Date "2021.07.07"]
[Round "5"]
[White "Holt, Conrad"]
[Black "Chen, Justin"]
[Result "1-0"]
[WhiteTitle "GM"]
[BlackTitle "FM"]
[WhiteElo "2549"]
[BlackElo "2247"]
[WhiteFideId "2034387"]
[BlackFideId "2098199"]
[EventDate "2021.07.07"]

1. d4 Nf6 2. c4 e6 3. Nc3 Bb4 4. Qc2 O-O 5. e4 d5 6. e5 Ne4 7. Bd3 c5 8. Nf3
cxd4 9. Nxd4 Nd7 10. Bf4 Ndc5 11. O-O Bxc3 12. bxc3 Nxd3 13. Qxd3 b6 14. cxd5
exd5 15. Rad1 Be6 16. f3 Nc5 17. Qe3 Kh8 18. c4 Qe8 19. cxd5 Bxd5 20. Nf5 Qe6
21. g4 Bxa2 22. Nxg7 Qb3 23. Nf5 Qxe3+ 24. Bxe3 Rfd8 25. Nd6 Be6 26. f4 Kg8 27.
f5 Bb3 28. Rd2 a5 29. e6 fxe6 30. f6 e5 31. f7+ Kg7 32. Rf5 a4 33. Rxe5 a3 34.
Bd4 Rxd6 35. Rd5+ Kxf7 36. Rxd6 a2 37. Ba1 Ne4 38. Rd7+ Ke6 39. R2d4 Bc2 40. Rb7
Rf8 41. Rxb6+ Ke7 42. Rd5 Bb1 43. Re5+ Kd7 44. Rb4 Rf4 45. Rd4+ Kc6 46. h3 Rf3
47. Rexe4 Bxe4 48. Rxe4 Rxh3 49. Kg2 Ra3 50. Re7 Rb3 51. Ra7 Kd5 52. Rxa2 Ke4
53. Ra4+ Ke3 54. Bf6 Rb5 55. Kg3 Rb1 56. Bg5+ Kd3 57. Ra3+ Ke4 58. Re3+ Kd5 59.
Re2 Rh1 60. Bf4 Rg1+ 61. Kf3 Kc6 62. g5 Kd7 63. Re3 Kd8 64. Kf2 Rg4 65. Re4 Kd7
66. Kf3 Rg1 67. Re2 Kc6 68. Rh2 Rf1+ 69. Kg4 Rh1 70. Rxh1 1-0

[Event "34th Leon Blitz Open 2021"]
[Site "chess.com INT"]
[Date "2021.07.07"]
[Round "5"]
[White "Ibrahimli, Murad"]
[Black "Nguyen, Ngoc Truong Son"]
[Result "1/2-1/2"]
[WhiteTitle "IM"]
[BlackTitle "GM"]
[WhiteElo "2436"]
[BlackElo "2641"]
[WhiteFideId "13410229"]
[BlackFideId "12401110"]
[EventDate "2021.07.07"]

1. c4 Nf6 2. Nc3 c5 3. Nf3 Nc6 4. e3 g6 5. d4 Bg7 6. d5 Na5 7. e4 d6 8. h3 O-O
9. Bd3 a6 10. a4 Qb6 11. Ra3 Qb4 12. O-O Nd7 13. Na2 Qb6 14. Qc2 Qc7 15. Bd2 b6
16. Bc3 e5 17. Nc1 Nf6 18. Ne2 Kh8 19. Ng3 Ng8 20. Nh2 Nh6 21. f4 exf4 22. Rxf4
Qe7 23. Ra1 Bd7 24. Raf1 Rae8 25. Nf3 Ng8 26. Bxg7+ Kxg7 27. Qc3+ f6 28. b4 cxb4
29. Qxb4 Nb7 30. Qxb6 Nc5 31. Bc2 Bxa4 32. Bxa4 Nxa4 33. Qxa6 Nc5 34. Qa1 Ra8
35. Qd4 Ra2 36. Nh4 Qe5 37. Qxe5 dxe5 38. R4f2 Rfa8 39. Rxa2 Rxa2 40. Rb1 Rc2
41. Ra1 Rxc4 42. Ra7+ Kh8 43. Rc7 Rc3 44. d6 Rxg3 45. Rxc5 Rd3 46. Rd5 Rxd5 47.
exd5 Nh6 48. d7 Nf7 49. Nf3 Kg7 50. Nd2 Kf8 51. d6 Nd8 52. Ne4 Kf7 53. Nc5 f5
54. Kf2 Kf6 55. Ke3 h6 56. Kd3 h5 57. h4 g5 58. hxg5+ Kxg5 59. Kc4 e4 60. Kd4
Kf6 61. Kd5 h4 62. Nb3 e3 63. Nd4 f4 64. Ke4 Kg5 65. Kf3 Kf6 66. Kxf4 e2 67.
Nxe2 Ke6 68. Kg4 Kxd6 69. Kxh4 Kxd7 70. g4 Ne6 71. g5 Nxg5 1/2-1/2

[Event "34th Leon Blitz Open 2021"]
[Site "chess.com INT"]
[Date "2021.07.07"]
[Round "5"]
[White "Pham, Le Thao Nguyen"]
[Black "Jimenez Martinez, Jose Vicente"]
[Result "1-0"]
[WhiteTitle "IM"]
[BlackTitle "FM"]
[WhiteElo "2369"]
[BlackElo "2271"]
[WhiteFideId "12401226"]
[BlackFideId "2264021"]
[EventDate "2021.07.07"]

1. d4 d6 2. Nf3 g6 3. Bf4 Bg7 4. e3 Nf6 5. h3 O-O 6. c3 Nc6 7. Bc4 Qe8 8. O-O e5
9. Bh2 Bd7 10. a4 Rd8 11. a5 a6 12. Qb3 Bc8 13. Rd1 e4 14. Nfd2 h5 15. Bf1 Kh7
16. c4 Nd7 17. Nc3 Nf6 18. Rdc1 Bh6 19. Rc2 Qe7 20. Nd5 Nxd5 21. cxd5 Nb8 22.
Rac1 c6 23. Nc4 cxd5 24. Nxd6 Be6 25. Nxb7 Rde8 26. Rc7 Qg5 27. Bf4 Qh4 28. Bg3
Qg5 29. h4 Qf5 30. Nd6 Qg4 31. Nxe8 Rxe8 32. Rb7 Nd7 33. Rcc7 g5 34. hxg5 Bxg5
35. Qc2 h4 36. Be2 Qf5 37. Bh2 Rg8 38. Bf1 Bd8 39. Rxd7 Bxd7 40. Qe2 Bxa5 41.
Bf4 Bd8 42. Qxa6 Be6 43. Qe2 Qg6 44. Kh1 Bg4 45. Qa6 Be6 46. Qe2 h3 47. g3 Bg4
48. Qa6 Be6 49. Be2 h2 50. Qa7 Bf6 51. b4 Rg7 52. b5 Bg4 53. Bxg4 Qxg4 54. Rxf7
Qf3+ 55. Kxh2 Qxf2+ 56. Kh3 Qf1+ 57. Kh2 Qe2+ 58. Kg1 Qe1+ 59. Kg2 Qe2+ 60. Kg1
Qd1+ 61. Kg2 Qf3+ 62. Kg1 Qd1+ 63. Kg2 Qc2+ 64. Kg1 Qb1+ 65. Kg2 Qxb5 66. Rxg7+
Bxg7 67. Qf7 Qe2+ 68. Kh3 Qf1+ 69. Kh4 Qh1+ 70. Kg4 Qf3+ 71. Kf5 Qg2 72. g4 Qh3
73. Qh5+ Qxh5+ 74. gxh5 Bf8 75. Ke6 Kg7 76. Kxd5 Kf6 77. Kxe4 Ke6 78. d5+ Kf6
79. Kd4 Kf5 80. Be5 Kg5 81. e4 Kxh5 82. d6 Kg6 83. Kd5 Kf7 84. Bf4 Ke8 85. Ke6
Be7 86. d7+ Kd8 87. Bc7+ Kxc7 88. Kxe7 Kc6 89. d8=Q Kc5 90. Qd6+ 1-0

[Event "34th Leon Blitz Open 2021"]
[Site "chess.com INT"]
[Date "2021.07.07"]
[Round "5"]
[White "Silva Lucena, Cristian"]
[Black "Musovic, Armin"]
[Result "1/2-1/2"]
[WhiteTitle "FM"]
[BlackTitle "FM"]
[WhiteElo "2238"]
[BlackElo "2282"]
[WhiteFideId "2232588"]
[BlackFideId "939935"]
[EventDate "2021.07.07"]

1. c4 c5 2. g3 g6 3. Bg2 Nf6 4. b3 Bg7 5. Bb2 O-O 6. Nf3 Nc6 7. O-O Re8 8. d4
Ne4 9. Ne5 Nxe5 10. dxe5 Ng5 11. f4 Ne6 12. Nc3 Rb8 13. Nd5 d6 14. Qd2 b5 15.
cxb5 Rxb5 16. Rad1 Rb8 17. exd6 Bxb2 18. Nxe7+ Kf8 19. Qxb2 Ng7 20. Nc6 Qb6 21.
Nxb8 Bg4 22. Bf3 Bh3 23. d7 Rxb8 24. Rfe1 Rd8 25. Qe5 Rxd7 26. Rxd7 Bxd7 27. Rd1
Be8 28. Rd6 Qa5 29. Rd1 Ne6 30. Bg4 Nd4 31. e3 Nc6 32. Qd6+ Kg8 33. Bd7 Bxd7 34.
Qxd7 Nb4 35. Qe8+ Kg7 36. Qe5+ Kh6 37. g4 Qxa2 38. Rf1 Qe2 39. g5+ Kh5 40. Qe4
Nd3 41. Qf3+ Qxf3 42. Rxf3 Kg4 43. Rf1 Kf5 44. Ra1 f6 45. gxf6 Kxf6 46. Rxa7 h5
47. Rd7 Nc1 48. e4 Ne2+ 49. Kf2 Nxf4 50. Ke3 g5 51. Rd6+ Ke5 52. Rd8 h4 53. Re8+
Kf6 54. Kf3 Ne6 55. Ra8 Ke5 56. Rb8 Nd4+ 57. Kg4 Kxe4 58. Kxg5 Nf3+ 59. Kg4
Nxh2+ 60. Kxh4 Nf3+ 61. Kg3 Nd4 62. Kf2 Kd3 63. b4 cxb4 64. Rxb4 Kc3 65. Rb8 Kd3
66. Rd8 Ke4 67. Re8+ Kf4 68. Re7 Nf5 69. Ra7 Nd4 70. Ra4 Ke4 71. Rb4 Kd3 72. Rb7
Ke4 73. Kg3 Ke3 74. Re7+ Kd3 75. Kf2 Nc2 76. Rd7+ Ke4 77. Kg3 Nd4 78. Re7+ Kd5
79. Kf4 Ne6+ 80. Ke3 Kd6 81. Rh7 Ke5 82. Rh5+ Kf6 83. Ke4 Ng5+ 84. Kd5 Kg6 85.
Rh1 Kf5 86. Rf1+ Kg4 87. Ke5 Nf3+ 88. Ke6 Kg3 89. Kf5 Nh2 90. Rf4 Nf3 91. Rg4+
Kf2 92. Kf4 Nd2 93. Rh4 Ke2 94. Rh3 Nc4 95. Rc3 Nd2 96. Rc5 Kd3 97. Rd5+ Kc3 98.
Ke3 Nc4+ 99. Ke2 Nb2 100. Rd8 Nc4 101. Rc8 Kd4 102. Rd8+ 1/2-1/2

[Event "34th Leon Blitz Open 2021"]
[Site "chess.com INT"]
[Date "2021.07.07"]
[Round "6"]
[White "Dobre, Claudiu-Cristian"]
[Black "Dong, Bao Nghia"]
[Result "1-0"]
[WhiteTitle "IM"]
[BlackTitle "CM"]
[WhiteElo "2314"]
[BlackElo "2227"]
[WhiteFideId "1211854"]
[BlackFideId "12400343"]
[EventDate "2021.07.07"]

1. c4 e6 2. Nc3 d5 3. cxd5 exd5 4. d4 c6 5. Nf3 Bd6 6. Qc2 Ne7 7. Bg5 Na6 8. a3
f6 9. Bh4 Bf5 10. Qd2 c5 11. dxc5 Nxc5 12. Nd4 Be5 13. e3 Bxd4 14. Qxd4 Nb3 15.
Qa4+ 1-0

[Event "34th Leon Blitz Open 2021"]
[Site "chess.com INT"]
[Date "2021.07.07"]
[Round "6"]
[White "Lysyj, Igor"]
[Black "Kamsky, Gata"]
[Result "1/2-1/2"]
[WhiteTitle "GM"]
[BlackTitle "GM"]
[WhiteElo "2605"]
[BlackElo "2658"]
[WhiteFideId "4150120"]
[BlackFideId "2000024"]
[EventDate "2021.07.07"]

1. d4 d5 2. c4 c6 3. Nf3 Nf6 4. g3 g6 5. Bg2 Bg7 6. b3 O-O 7. Bb2 Ne4 8. Nbd2
Nxd2 9. Qxd2 Bf5 10. O-O Be4 11. Rac1 e6 12. Rfd1 Nd7 13. Bf1 Bxf3 14. exf3 a5
15. f4 Qb6 16. Qc2 Rfd8 17. c5 Qc7 18. a3 Rdc8 19. b4 axb4 20. axb4 b5 21. Ra1
Qb7 22. Qb3 Nf6 23. Bg2 Ne8 24. Rxa8 Rxa8 25. Ra1 Rxa1+ 26. Bxa1 Qa6 27. Bb2 Nc7
28. Bf3 1/2-1/2

[Event "34th Leon Blitz Open 2021"]
[Site "chess.com INT"]
[Date "2021.07.07"]
[Round "6"]
[White "Roman, Rodrigo"]
[Black "Yen, William"]
[Result "1-0"]
[WhiteTitle "CM"]
[WhiteElo "2071"]
[BlackElo "2056"]
[WhiteFideId "3701220"]
[BlackFideId "30932025"]
[EventDate "2021.07.07"]

1. c4 e5 2. Nc3 Nc6 3. Nf3 Nf6 4. e3 d5 5. cxd5 Nxd5 6. Bb5 Nxc3 7. bxc3 Bd6 8.
d4 e4 9. Nd2 Qe7 10. c4 Bb4 11. O-O O-O 12. a3 Bxd2 13. Bxd2 Qg5 14. f4 exf3 15.
Rxf3 Ne7 16. Rg3 Qf6 17. Bc3 c6 18. Ba4 Bf5 19. e4 Bxe4 20. d5 1-0

[Event "34th Leon Blitz Open 2021"]
[Site "chess.com INT"]
[Date "2021.07.07"]
[Round "6"]
[White "Sarkar, Justin"]
[Black "Vallejo Diaz, Javier"]
[Result "1-0"]
[WhiteTitle "IM"]
[BlackTitle "FM"]
[WhiteElo "2338"]
[BlackElo "2365"]
[WhiteFideId "2010011"]
[BlackFideId "2256398"]
[EventDate "2021.07.07"]

1. e4 c5 2. Nf3 e6 3. d4 cxd4 4. Nxd4 a6 5. c4 Qc7 6. Nc3 Nf6 7. Be2 d6 8. O-O
b6 9. f4 Nbd7 10. b4 Bb7 11. Qd3 Be7 12. Bb2 O-O 13. g4 Rfe8 14. g5 d5 15. gxf6
dxe4 16. Nxe4 Nxf6 17. Nxf6+ Bxf6 18. Qc2 Rad8 19. Nb3 Bxb2 20. Qxb2 Qxc4 21.
Bxc4 1-0